[Event "Mittelfranken-chTB2a 1112"]
[Site "Germany"]
[Date "2012.01.15"]
[Round "5.2"]
[White "Suess, Stefan"]
[Black "Straschewski, Joerg"]
[Result "1-0"]
[WhiteElo "1851"]
[BlackElo "1857"]
[PlyCount "121"]
[EventDate "2011.09.25"]
[EventType "team-tourn"]
[EventRounds "9"]
[EventCountry "GER"]
[SourceTitle "EXT 2013"]
[Source "ChessBase"]
[SourceDate "2012.11.22"]
[SourceVersion "1"]
[SourceVersionDate "2012.11.22"]
[SourceQuality "1"]
[WhiteTeam "Nuernberg NT V"]
[BlackTeam "Cadolzburg"]
[WhiteTeamCountry "GER"]
[BlackTeamCountry "GER"]

1. e4 e6 2. d4 d5 3. Nd2 c5 4. Ngf3 cxd4 5. exd5 Qxd5 6. Bc4 Qd6 7. 0-0 Nf6 8. Re1 Nc6 9. Nb3 Bd7 10. Nbxd4 Nxd4 11. Qxd4 Rc8 12. Bd3 Qxd4 13. Nxd4 Bc5 14. Nb3 Bb6 15. Be3 Bxe3 16. Rxe3 Nd5 17. Rg3 g6 18. c4 Nf4 19. Bf1 Ke7 20. Rc3 e5 21. Re1 f6 22. g3 Ne6 23. Bg2 Bc6 24. f4 Bxg2 25. Kxg2 Kd6 26. Rd3+ Ke7 27. fxe5 f5 28. Red1 Rc7 29. Nd2 Rd8 30. Rd5 Rc5 31. Rxd8 Nxd8 32. Kf2 Rxe5 33. Nf3 Rc5 34. Rc1 Nc6 35. Ke3 b6 36. a3 b5 37. Kd3 h6 38. Re1+ Kf6 39. cxb5 Rxb5 40. b4 a5 41. Kc4 Rb8 42. b5 Ne7 43. Kc5 g5 44. Nd4 Rc8+ 45. Nc6 f4 46. Kb6 Nd5+ 47. Kc5 Ne7 48. Kd6 Nf5+ 49. Kd7 Rf8 50. Nd8 f3 51. b6 Nd6 52. Re6+ Kg7 53. Rxd6 f2 54. Rd1 f1Q 55. Rxf1 Rxf1 56. b7 Rb1 57. Kc7 Kf6 58. b8Q Rxb8 59. Kxb8 Kf5 60. Kc7 a4 61. Kd6 1-0